00507nam a22001577a 450000500170000000800410001702000150005804100150007308200140008810000500010224500660015225000190021826000630023730000240030065000250032420231106094350.0231103b |||||||| |||| 00| 0 eng d a0799302988 aAfrikaans  a346.5 VAN aVan der Merwe, NJ en Rowland, CJ lAfrikaans  aDie Suid-Afrikaanse Erfreg /cNJ Van der Merwe en CJ Rowland  aDerde Uitgawe  aPretoria : bJ.P. Van der Walt en Seun (EDMS.) BPk. c1977 b643 pages; c24 cm. aLegal practice bLaw